El martirio del obeso (Record no. 151061)

MARC details
000 -LEADER
campo de control de longitud fija 00607nam a2200193 i 4500
001 - NÚMERO DE CONTROL
campo de control 151061
003 - IDENTIFICADOR DE NÚMERO DE CONTROL
campo de control ES-MaACL
005 - FECHA Y HORA DE LA ÚLTIMA TRANSACCIÓN
campo de control 20251003190527.0
007 - CAMPO FIJO DE DESCRIPCIÓN FÍSICA--INFORMACIÓN GENERAL
campo de control de longitud fija t|
008 - DATOS DE LONGITUD FIJA--INFORMACIÓN GENERAL
campo de control de longitud fija 071204s1923 sp ||||1| spa d
100 1# - ENTRADA PRINCIPAL--NOMBRE DE PERSONA
Nombre de persona Béraud, Henri.
9 (RLIN) 27832
245 13 - MENCIÓN DEL TÍTULO
Título El martirio del obeso
Resto del título : novela /
Mención de responsabilidad, etc. Henri Béraud ; traducción de J. de Sáseta ; introducción de I. L. Lapuya.
260 ## - PUBLICACIÓN, DISTRIBUCIÓN, ETC.
Lugar de publicación, distribución, etc. Madrid :
Nombre del editor, distribuidor, etc. Nuñez Samper,
Fecha de publicación, distribución, etc. 1923.
300 ## - DESCRIPCIÓN FÍSICA
Extensión 229 p. ;
Dimensiones 19 cm.
700 1# - ENTRADA AGREGADA--NOMBRE PERSONAL
Nombre de persona Sáseta, J. de.
9 (RLIN) 103905
700 1# - ENTRADA AGREGADA--NOMBRE PERSONAL
Nombre de persona Lapuya, Isidoro L.,
Fechas asociadas al nombre 1865-1932
9 (RLIN) 70190
852 ## - LOCALIZACIÓN
Ubicación ES-MaACL
Número de control de estantería G-3395
Holdings
Estatus retirado Estado de pérdida Estado de daño No para préstamo Biblioteca de origen Biblioteca actual Ubicación en estantería Fecha de adquisición Fuente de adquisición Total de préstamos Signatura topográfica completa Código de barras Visto por última vez Precio de reemplazo Tipo de ítem Koha
        Biblioteca del Ateneo de Madrid Biblioteca del Ateneo de Madrid Depósito 2 17/01/2008     G-3395 1157628 23/02/2023 23/02/2023 Libro impreso